[Event "Leipzig DSAM Cup"]
[Site "Leipzig"]
[Date "2018.06.01"]
[Round "4"]
[White "Mueer, Sebastian"]
[Black "Kirnos, Evgeni"]
[Result "1-0"]
[WhiteElo "2222"]
[BlackElo "2222"]
[PlyCount "103"]
[EventDate "2018.05.31"]
[EventType "swiss"]
[EventRounds "5"]
[EventCountry "GER"]
[SourceTitle "EXT 2019"]
[Source "ChessBase"]
[SourceDate "2018.10.10"]
[SourceVersion "1"]
[SourceVersionDate "2018.10.10"]
[SourceQuality "1"]

1. Nf3 Nf6 2. c4 e6 3. g3 d5 4. Bg2 Be7 5. 0-0 0-0 6. b3 b6 7. Bb2 Bb7 8. e3 Nbd7 9. Qe2 Re8 10. Nc3 Bf8 11. Nh4 c6 12. d4 Rc8 13. Rac1 Rc7 14. Rc2 Qb8 15. Rfc1 Rcc8 16. Nf3 Qa8 17. e4 dxe4 18. Ng5 c5 19. Ncxe4 Nxe4 20. Bxe4 Bxe4 21. Nxe4 cxd4 22. Bxd4 Ba3 23. Rd1 Nf8 24. Bc3 Be7 25. Nd6 Bxd6 26. Rxd6 Rcd8 27. Rcd2 Rxd6 28. Rxd6 f6 29. Qd3 e5 30. Qd5+ Qxd5 31. Rxd5 Kf7 32. Bb4 Ke6 33. f3 h5 34. h4 g6 35. Kf2 Rc8 36. Ke3 Ra8 37. a4 Rc8 38. g4 hxg4 39. fxg4 f5 40. g5 a5 41. Rd6+ Kf7 42. Rf6+ Kg7 43. Bc3 Kg8 44. Rxb6 Rd8 45. Bxe5 Re8 46. Rb5 Kf7 47. Kf3 Nd7 48. Bf4 Re1 49. c5 Rf1+ 50. Kg3 Rg1+ 51. Kf2 Rb1 52. c6 1-0

[Event "NRW Class2 1617"]
[Site "Germany"]
[Date "2017.02.12"]
[Round "6.1"]
[White "Kirnos, Evgeni"]
[Black "Schischke, Reinhard"]
[Result "1-0"]
[WhiteElo "2248"]
[BlackElo "2219"]
[PlyCount "59"]
[EventDate "2016.09.25"]
[EventType "team-tourn"]
[EventRounds "9"]
[EventCountry "GER"]
[SourceTitle "EXT 2023"]
[Source "ChessBase"]
[SourceDate "2022.10.05"]
[SourceVersion "1"]
[SourceVersionDate "2022.10.05"]
[SourceQuality "1"]
[WhiteTeam "Herford Koenigsspringer"]
[BlackTeam "Siegen"]
[WhiteTeamCountry "GER"]
[BlackTeamCountry "GER"]

1. e4 e6 2. d3 b6 3. g3 d5 4. Bg2 dxe4 5. Bxe4 c6 6. Bg2 Nf6 7. Nf3 Bb7 8. 0-0 Qc7 9. Nc3 Bd6 10. Qe2 0-0 11. Bg5 Nbd7 12. Rad1 Rfe8 13. a3 a6 14. Ne4 Nxe4 15. dxe4 c5 16. Qd2 Ne5 17. Qxd6 Qxd6 18. Rxd6 Nc4 19. Rd7 Bxe4 20. Re1 Bd5 21. Bc1 b5 22. Rc7 Rec8 23. Rxc8+ Rxc8 24. Ne5 Nxe5 25. Rxe5 Bxg2 26. Kxg2 Kf8 27. Be3 c4 28. Rc5 Rd8 29. Rc6 a5 30. Rc5 1-0

[Event "NRW Class2 1617"]
[Site "Germany"]
[Date "2016.11.13"]
[Round "3.1"]
[White "Kirnos, Evgeni"]
[Black "Erwich, Frank"]
[Result "1/2-1/2"]
[WhiteElo "2248"]
[BlackElo "2339"]
[PlyCount "30"]
[EventDate "2016.09.25"]
[EventType "team-tourn"]
[EventRounds "9"]
[EventCountry "GER"]
[SourceTitle "EXT 2023"]
[Source "ChessBase"]
[SourceDate "2022.10.05"]
[SourceVersion "1"]
[SourceVersionDate "2022.10.05"]
[SourceQuality "1"]
[WhiteTeam "Herford Koenigsspringer"]
[BlackTeam "Erkenschwick"]
[WhiteTeamCountry "GER"]
[BlackTeamCountry "GER"]

1. d4 Nf6 2. Nf3 e6 3. Bf4 b6 4. e3 Bb7 5. Bd3 d5 6. c3 Bd6 7. Bxd6 Qxd6 8. Ne5 0-0 9. Nd2 c5 10. 0-0 Nbd7 11. f4 cxd4 12. exd4 Ne4 13. Qe2 Ndf6 14. Rad1 Qc7 15. Ng4 Nxg4 1/2-1/2

[Event "NRW Class2 1516"]
[Site "Germany"]
[Date "2016.05.08"]
[Round "9.1"]
[White "Kirnos, Evgeni"]
[Black "Stolte, Alexander"]
[Result "1/2-1/2"]
[WhiteElo "2172"]
[BlackElo "2168"]
[PlyCount "28"]
[EventDate "2015.09.27"]
[EventType "team-tourn"]
[EventRounds "9"]
[EventCountry "GER"]
[SourceTitle "EXT 2017"]
[Source "ChessBase"]
[SourceDate "2016.10.25"]
[SourceVersion "1"]
[SourceVersionDate "2016.10.25"]
[SourceQuality "1"]
[WhiteTeam "Herford Koenigsspringer"]
[BlackTeam "Sundern"]
[WhiteTeamCountry "GER"]
[BlackTeamCountry "GER"]

1. e4 e6 2. d3 c5 3. Nd2 Nc6 4. g3 d5 5. Bg2 Nf6 6. Ngf3 Be7 7. 0-0 0-0 8. Re1 b5 9. c3 a5 10. e5 Nd7 11. Nf1 b4 12. h4 a4 13. a3 bxa3 14. bxa3 Qa5 1/2-1/2

[Event "NRW Class2 1516"]
[Site "Germany"]
[Date "2015.09.27"]
[Round "1.2"]
[White "Kirnos, Evgeni"]
[Black "Schmitz, Philipp"]
[Result "0-1"]
[WhiteElo "2172"]
[BlackElo "2143"]
[PlyCount "82"]
[EventDate "2015.09.27"]
[EventType "team-tourn"]
[EventRounds "9"]
[EventCountry "GER"]
[SourceTitle "EXT 2017"]
[Source "ChessBase"]
[SourceDate "2016.10.25"]
[SourceVersion "1"]
[SourceVersionDate "2016.10.25"]
[SourceQuality "1"]
[WhiteTeam "Herford Koenigsspringer"]
[BlackTeam "Lieme"]
[WhiteTeamCountry "GER"]
[BlackTeamCountry "GER"]

1. e4 c5 2. Nf3 d6 3. d4 cxd4 4. Nxd4 Nf6 5. Nc3 a6 6. Bg5 e6 7. Qd2 Qc7 8. a4 b6 9. Bd3 Bb7 10. 0-0 Nbd7 11. Qe2 Be7 12. Kh1 h5 13. Rae1 h4 14. h3 Ne5 15. Nf3 Nh5 16. Bxe7 Kxe7 17. Qe3 Nxf3 18. Qxf3 Qc5 19. Qe3 Rac8 20. Kg1 Qxe3 21. Rxe3 Nf4 22. Rd1 Rh6 23. Rf3 e5 24. Kh2 f5 25. Re3 Rf6 26. Rd2 Nxd3 27. cxd3 fxe4 28. dxe4 Rc4 29. f3 Rb4 30. Red3 Bc6 31. Nd1 Bxa4 32. Ne3 Bb3 33. Nf5+ Rxf5 34. exf5 d5 35. Re3 Kf6 36. Rde2 d4 37. Rxe5 d3 38. Re6+ Bxe6 39. Rxe6+ Kxf5 40. Rd6 Rxb2 41. Rxd3 a5 0-1

[Event "NRW Class2 1415"]
[Site "Germany"]
[Date "2014.09.14"]
[Round "1.7"]
[White "Kirnos, Evgeni"]
[Black "Krueger, Tim"]
[Result "1-0"]
[WhiteElo "2153"]
[BlackElo "2036"]
[PlyCount "109"]
[EventDate "2014.09.14"]
[EventType "team-tourn"]
[EventRounds "9"]
[EventCountry "GER"]
[SourceTitle "EXT 2017"]
[Source "ChessBase"]
[SourceDate "2016.10.25"]
[SourceVersion "1"]
[SourceVersionDate "2016.10.25"]
[SourceQuality "1"]
[WhiteTeam "Herford Koenigsspringer"]
[BlackTeam "Guetersloh"]
[WhiteTeamCountry "GER"]
[BlackTeamCountry "GER"]

1. e4 c5 2. Nf3 Nc6 3. d4 cxd4 4. Nxd4 Nf6 5. Nc3 e5 6. Ndb5 d6 7. Bg5 a6 8. Na3 b5 9. Nd5 Be7 10. Bxf6 Bxf6 11. g3 0-0 12. Bg2 Bg5 13. 0-0 Bb7 14. c3 Ne7 15. Nxe7+ Qxe7 16. Qd3 f5 17. h4 Bh6 18. exf5 e4 19. Qe2 Rxf5 20. f4 g6 21. Nc2 Bg7 22. Ne3 Rc5 23. Rad1 a5 24. Rf2 d5 25. a3 Rd8 26. Nc2 Qc7 27. Nd4 Bxd4 28. Rxd4 Rc4 29. Qe3 Rf8 30. Bf1 Rc5 31. Rfd2 Kg7 32. Bh3 Qe7 33. Rd1 Kg8 34. R4d2 Rc7 35. Kf2 Re8 36. Kg1 Qc5 37. Qxc5 Rxc5 38. Rd4 Rc7 39. Re1 Kg7 40. Kf2 Ree7 41. Ke3 h6 42. a4 bxa4 43. Rxa4 Rc5 44. Rea1 Rb5 45. R1a2 Ba6 46. Bf1 Rb6 47. Bxa6 Rxa6 48. Rxa5 Rxa5 49. Rxa5 Rb7 50. Rxd5 Rxb2 51. Kxe4 Re2+ 52. Kf3 Rc2 53. Rd3 h5 54. Ke4 Re2+ 55. Re3 1-0

[Event "Werther Schloss op-A 13rd"]
[Site "Werther"]
[Date "2007.03.31"]
[Round "4"]
[White "Johnen, Daniel"]
[Black "Kirnos, Evgeni"]
[Result "1-0"]
[WhiteElo "2156"]
[BlackElo "2275"]
[PlyCount "97"]
[EventDate "2007.03.29"]
[EventType "swiss"]
[EventRounds "7"]
[EventCountry "GER"]
[SourceTitle "CBM 117 Extra"]
[Source "ChessBase"]
[SourceDate "2007.05.09"]
[SourceVersion "1"]
[SourceVersionDate "2007.05.09"]
[SourceQuality "1"]

1. e4 d6 2. d4 Nf6 3. Nc3 c6 4. f3 Qc7 5. Be3 e5 6. Nge2 a6 7. Qd2 b5 8. g4 h5 9. g5 Nfd7 10. h4 Nb6 11. b3 b4 12. Nd1 a5 13. Bg2 N8d7 14. 0-0 d5 15. f4 exd4 16. Nxd4 c5 17. Nb5 Qc6 18. a4 bxa3 19. Ndc3 Bb7 20. exd5 Qc8 21. d6 Bxg2 22. Qxg2 Rb8 23. Rxa3 a4 24. bxa4 Kd8 25. Qe4 Qb7 26. Qxb7 Rxb7 27. Bf2 Nc4 28. Ra2 Bxd6 29. Ne4 Bxf4 30. Nxc5 Nxc5 31. Bxc5 Bb8 32. c3 f6 33. gxf6 gxf6 34. Rxf6 Rg8+ 35. Kf1 Rd7 36. Bd4 Re7 37. Re2 Rxe2 38. Kxe2 Kd7 39. Rh6 Rg2+ 40. Kd3 Nb2+ 41. Ke4 Nxa4 42. Kd5 Rg4 43. Rxh5 Bg3 44. Rg5 Rxg5+ 45. hxg5 Ke7 46. g6 Nb2 47. g7 Kf7 48. Nd6+ Kg8 49. Nf5 1-0

[Event "Werther Schloss op-A 13rd"]
[Site "Werther"]
[Date "2007.03.30"]
[Round "3"]
[White "Kirnos, Evgeni"]
[Black "Schwarz, Thomas1111"]
[Result "1/2-1/2"]
[WhiteElo "2275"]
[BlackElo "2176"]
[PlyCount "86"]
[EventDate "2007.03.29"]
[EventType "swiss"]
[EventRounds "7"]
[EventCountry "GER"]
[SourceTitle "CBM 117 Extra"]
[Source "ChessBase"]
[SourceDate "2007.05.09"]
[SourceVersion "1"]
[SourceVersionDate "2007.05.09"]
[SourceQuality "1"]

1. e4 c5 2. Nf3 Nc6 3. Bb5 Qb6 4. Nc3 e6 5. 0-0 Nge7 6. Re1 a6 7. Bf1 Ng6 8. b3 Be7 9. Bb2 0-0 10. Na4 Qc7 11. c4 d6 12. d4 cxd4 13. Nxd4 Bd7 14. Nxc6 Bxc6 15. Nc3 b6 16. Qd2 Rfd8 17. Rac1 Qb7 18. a4 Rac8 19. f3 Ne5 20. Kh1 Be8 21. Ba1 Bf8 22. Red1 Bc6 23. Ne2 Qe7 24. Ng3 Qh4 25. Bd4 Nd7 26. Be3 h6 27. Bf2 Qe7 28. Qa2 Rb8 29. Ne2 Nc5 30. Bg3 Qc7 31. Nc3 a5 32. Nb5 Bxb5 33. cxb5 Qb7 34. Rd2 Rd7 35. Rcd1 Rbd8 36. Bc4 Qc7 37. Be2 Qb7 38. Bc4 Qc7 39. Qa1 Be7 40. Qa2 Bg5 41. Rc2 Qb7 42. Be1 Qa8 43. Qb1 Qb7 1/2-1/2

[Event "Oberliga NRW 0506"]
[Site "Germany"]
[Date "2006.02.12"]
[Round "6.4"]
[White "Kirnos, Evgeni"]
[Black "Huesmann, Thomas"]
[Result "0-1"]
[WhiteElo "2305"]
[BlackElo "2303"]
[PlyCount "68"]
[EventDate "2005.09.25"]
[EventType "team-tourn"]
[EventRounds "9"]
[EventCountry "GER"]
[SourceTitle "EXT 2007"]
[Source "ChessBase"]
[SourceDate "2006.11.23"]
[SourceVersion "1"]
[SourceVersionDate "2006.11.23"]
[SourceQuality "1"]
[WhiteTeam "Werther"]
[BlackTeam "Aachen"]
[WhiteTeamCountry "GER"]
[BlackTeamCountry "GER"]

1. e4 e5 2. Nf3 Nc6 3. Bb5 a6 4. Ba4 Nf6 5. Bxc6 dxc6 6. d3 Bd6 7. 0-0 Qe7 8. Nbd2 Be6 9. d4 Nd7 10. dxe5 Nxe5 11. Nxe5 Bxe5 12. f4 Bd6 13. Kh1 0-0-0 14. c3 f5 15. e5 Bc5 16. Qe2 h6 17. Nf3 Rhg8 18. Be3 g5 19. Qf2 Bxe3 20. Qxe3 c5 21. a3 g4 22. Ng1 Bc4 23. Rfd1 Bb3 24. Re1 b6 25. Rac1 Qe6 26. Re2 h5 27. Rd2 h4 28. Re1 h3 29. Ne2 Rxd2 30. Qxd2 Rd8 31. Qe3 Qc6 32. Qf2 Rd2 33. Kg1 Bc4 34. e6 Qxe6 0-1

[Event "Werther Schloss op-A 11th"]
[Site "Werther"]
[Date "2005.03.20"]
[Round "4"]
[White "Kirnos, Evgeni"]
[Black "Schnur, Gerhard"]
[Result "1-0"]
[WhiteElo "2300"]
[BlackElo "2142"]
[PlyCount "101"]
[EventDate "2005.03.18"]
[EventType "swiss"]
[EventRounds "5"]
[EventCountry "GER"]
[SourceTitle "CBM 105 Extra"]
[Source "ChessBase"]
[SourceDate "2005.05.01"]
[SourceVersion "1"]
[SourceVersionDate "2005.05.01"]
[SourceQuality "1"]

1. e4 e6 2. d3 d5 3. Nd2 Nf6 4. g3 Be7 5. Bg2 0-0 6. Ngf3 c5 7. 0-0 Nc6 8. Re1 b5 9. e5 Nd7 10. Nf1 a5 11. h4 c4 12. d4 b4 13. N1h2 a4 14. Bg5 Ba6 15. Ng4 a3 16. b3 cxb3 17. cxb3 Na7 18. Bf1 Bxf1 19. Kxf1 Nb5 20. Qd3 Nc3 21. Bxe7 Qxe7 22. Ng5 g6 23. Qe3 h5 24. Nh2 Kg7 25. Kg2 Rh8 26. Qd3 Rac8 27. Re3 Rcf8 28. Nhf3 Qd8 29. Nd2 Qb6 30. Rf3 f5 31. exf6+ Rxf6 32. Rxf6 Nxf6 33. Qe3 Re8 34. Qe5 Nb5 35. Ndf3 Qd6 36. Qe3 Nc3 37. Ne5 Ng4 38. Nxg4 hxg4 39. f3 gxf3+ 40. Nxf3 Ne4 41. Ng5 Nxg5 42. Qxg5 e5 43. Re1 e4 44. h5 Rc8 45. Re2 Rf8 46. Rc2 Rf6 47. Rc5 Qf8 48. Rc7+ Kh8 49. Qe5 gxh5 50. Re7 Qh6 51. Rf7 1-0

[Event "Oberliga NRW 0203 I"]
[Site "Germany"]
[Date "2003.01.21"]
[Round "5.1"]
[White "Luetke, Jens"]
[Black "Kirnos, Evgeni"]
[Result "0-1"]
[WhiteElo "2299"]
[BlackElo "2268"]
[PlyCount "92"]
[EventDate "2002.10.06"]
[EventType "team"]
[EventRounds "9"]
[EventCountry "GER"]
[SourceTitle "EXT 2004"]
[Source "ChessBase"]
[SourceDate "2003.11.25"]
[SourceVersion "1"]
[SourceVersionDate "2003.11.25"]
[SourceQuality "1"]
[WhiteTeam "Godesberg II"]
[BlackTeam "Minden"]
[WhiteTeamCountry "GER"]
[BlackTeamCountry "GER"]

1. e4 e5 2. Nf3 d6 3. d4 exd4 4. Qxd4 a6 5. Bg5 Nc6 6. Qc3 f6 7. Be3 d5 8. Nbd2 dxe4 9. Nd4 Bb4 10. Nxc6 Bxc3 11. Nxd8 Bxd2+ 12. Bxd2 Kxd8 13. 0-0-0 Bg4 14. f3 Bd7 15. Bc4 Kc8 16. Rhe1 Ne7 17. Rxe4 Ng6 18. Rde1 Bc6 19. Rd4 b5 20. Be6+ Kb7 21. h4 Rad8 22. Rxd8 Rxd8 23. h5 Ne5 24. b3 Re8 25. Bh3 Nf7 26. Rxe8 Bxe8 27. Bb4 g6 28. f4 f5 29. Kd2 Bc6 30. hxg6 hxg6 31. Be7 Be4 32. c3 Kc6 33. g4 Kd7 34. Bc5 Nd8 35. Ke3 Ne6 36. b4 Kc6 37. Bd4 Kd5 38. gxf5 gxf5 39. Bf1 Bb1 40. a4 Nxd4 41. axb5 Nc2+ 42. Kd2 axb5 43. Bxb5 Na3 44. Ba6 Ke4 45. c4 Kd4 46. c5 Be4 0-1

[Event "Oberliga NRW 0203 I"]
[Site "Germany"]
[Date "2003.01.05"]
[Round "4.1"]
[White "Kirnos, Evgeni"]
[Black "Odendahl, Reiner"]
[Result "1/2-1/2"]
[WhiteElo "2268"]
[BlackElo "2379"]
[PlyCount "44"]
[EventDate "2002.10.06"]
[EventType "team"]
[EventRounds "9"]
[EventCountry "GER"]
[SourceTitle "EXT 2004"]
[Source "ChessBase"]
[SourceDate "2003.11.25"]
[SourceVersion "1"]
[SourceVersionDate "2003.11.25"]
[SourceQuality "1"]
[WhiteTeam "Minden"]
[BlackTeam "Elberfeld"]
[WhiteTeamCountry "GER"]
[BlackTeamCountry "GER"]

1. e4 c5 2. Nf3 g6 3. d4 cxd4 4. Nxd4 Nc6 5. Nxc6 bxc6 6. Bd3 Nf6 7. c4 Bg7 8. Nc3 0-0 9. 0-0 d5 10. Qe2 Bg4 11. f3 Be6 12. Kh1 Rb8 13. Rb1 Qa5 14. cxd5 cxd5 15. exd5 Nxd5 16. Nxd5 Bxd5 17. b3 e6 18. Be3 Rfc8 19. Rbc1 h5 20. Qf2 Qa3 21. Bc5 Qa5 22. Be3 Be5 1/2-1/2

[Event "Oberliga NRW 0203 I"]
[Site "Germany"]
[Date "2002.11.10"]
[Round "2.1"]
[White "Kirnos, Evgeni"]
[Black "Dranov, Aleksandar"]
[Result "1/2-1/2"]
[WhiteElo "2268"]
[BlackElo "2360"]
[PlyCount "51"]
[EventDate "2002.10.06"]
[EventType "team"]
[EventRounds "9"]
[EventCountry "GER"]
[SourceTitle "EXT 2004"]
[Source "ChessBase"]
[SourceDate "2003.11.25"]
[SourceVersion "1"]
[SourceVersionDate "2003.11.25"]
[SourceQuality "1"]
[WhiteTeam "Minden"]
[BlackTeam "Wiehl"]
[WhiteTeamCountry "GER"]
[BlackTeamCountry "GER"]

1. e4 c5 2. Nf3 d6 3. d4 cxd4 4. Nxd4 Nf6 5. Nc3 Nc6 6. Be2 g6 7. Be3 Bg7 8. h4 h5 9. Qd2 0-0 10. f3 Nxd4 11. Bxd4 Be6 12. 0-0-0 Qa5 13. Kb1 Rfc8 14. Nd5 Qxd2 15. Nxf6+ Bxf6 16. Rxd2 Bxd4 17. Rxd4 Rc5 18. Rhd1 Rac8 19. R1d2 Kg7 20. b3 f5 21. exf5 Bxf5 22. Bd1 Re5 23. Kb2 Re1 24. c4 Rc5 25. Bc2 Kf6 26. Rd1 1/2-1/2

[Event "UKR-chT 8th"]
[Site "Alushta"]
[Date "2000.04.18"]
[Round "9"]
[White "Kirnos, Evgeni"]
[Black "Timoshenko, Georgy"]
[Result "1-0"]
[WhiteElo "2278"]
[BlackElo "2584"]
[PlyCount "125"]
[EventDate "2000.04.10"]
[EventType "team-swiss"]
[EventRounds "9"]
[EventCountry "UKR"]
[SourceTitle "EXT 2019"]
[Source "ChessBase"]
[SourceDate "2018.10.10"]
[SourceVersion "1"]
[SourceVersionDate "2018.10.10"]
[SourceQuality "1"]
[WhiteTeam "Rivne Polissia"]
[BlackTeam "Danko-Donbass Donetsk"]
[WhiteTeamCountry "UKR"]
[BlackTeamCountry "UKR"]

1. e4 c5 2. Nf3 d6 3. d4 cxd4 4. Nxd4 Nf6 5. Nc3 a6 6. Be2 e6 7. a4 Be7 8. 0-0 0-0 9. Kh1 Qc7 10. f4 Nc6 11. Nb3 b6 12. Bd3 Bb7 13. Qe2 Rfe8 14. Bd2 Bf8 15. Rae1 Nb4 16. Qf2 Nd7 17. Re3 Rac8 18. Rh3 Qd8 19. Qg3 Nxd3 20. cxd3 f5 21. exf5 exf5 22. Rh5 Qf6 23. Qh3 Qf7 24. Rxh7 Bxg2+ 25. Qxg2 Kxh7 26. Nd4 g6 27. Nf3 Bh6 28. Ng5+ Bxg5 29. fxg5 Kg8 30. Rf4 Re6 31. Qb7 Rce8 32. Rh4 Nf8 33. Qxb6 Nh7 34. Kg1 Qe7 35. Qd4 Re1+ 36. Bxe1 Qxe1+ 37. Kg2 Qd2+ 38. Qf2 Qxd3 39. Rd4 Qe3 40. Qxe3 Rxe3 41. Rxd6 Kf7 42. h4 Re6 43. Rxe6 Kxe6 44. b4 Nf8 45. a5 Kd6 46. b5 axb5 47. Nxb5+ Kc5 48. a6 Kb6 49. a7 Kb7 50. Kf3 Ne6 51. Ke3 Ka8 52. Nd4 Ng7 53. Nc6 Ne6 54. Ne7 Kxa7 55. Nxg6 Kb7 56. Nf4 Nf8 57. Kd4 Kc6 58. Ke5 Kd7 59. Kxf5 Ke8 60. Ne6 Nd7 61. g6 Ke7 62. h5 Nf6 63. h6 1-0

[Event "UKR-chT 8th"]
[Site "Alushta"]
[Date "2000.04.10"]
[Round "1"]
[White "Arzumanian, Georgy"]
[Black "Kirnos, Evgeni"]
[Result "1/2-1/2"]
[WhiteElo "2326"]
[BlackElo "2278"]
[PlyCount "87"]
[EventDate "2000.04.10"]
[EventType "team-swiss"]
[EventRounds "9"]
[EventCountry "UKR"]
[SourceTitle "EXT 2019"]
[Source "ChessBase"]
[SourceDate "2018.10.10"]
[SourceVersion "1"]
[SourceVersionDate "2018.10.10"]
[SourceQuality "1"]
[WhiteTeam "Pavlograd Tura"]
[BlackTeam "Rivne Polissia"]
[WhiteTeamCountry "UKR"]
[BlackTeamCountry "UKR"]

1. e4 e5 2. Nf3 Nc6 3. d4 exd4 4. Nxd4 d6 5. Bb5 Bd7 6. Bxc6 bxc6 7. 0-0 Be7 8. Nc3 Nf6 9. Bf4 0-0 10. e5 dxe5 11. Bxe5 Bd6 12. Bg3 Rb8 13. Rb1 Re8 14. Qd3 Qc8 15. f3 Nh5 16. Nde2 Bf5 17. Qd2 Nxg3 18. Nxg3 Bc5+ 19. Kh1 Be3 20. Qd1 Bg6 21. Re1 Bh6 22. Nge4 Re6 23. Qd4 a5 24. Red1 f5 25. Nc5 Rd6 26. Qe5 Qe8 27. Qxe8+ Bxe8 28. b3 Be3 29. Nd3 Rbd8 30. Nb2 Bf7 31. Nba4 h6 32. Rxd6 Rxd6 33. Rd1 Kf8 34. Nb2 Bd4 35. Nba4 Ke7 36. Ne2 Bf6 37. Rd3 Rxd3 38. cxd3 Kd6 39. Kg1 g5 40. Kf2 Bg6 41. f4 Bf7 42. Ke3 c5 43. g3 Kc6 44. Nac3 1/2-1/2

[Event "UKR-chT 7th"]
[Site "Alushta"]
[Date "1999.04.??"]
[Round "2"]
[White "Moroz, Alexander"]
[Black "Kirnos, Evgeni"]
[Result "1/2-1/2"]
[WhiteElo "2493"]
[BlackElo "2303"]
[PlyCount "46"]
[EventDate "1999.04.03"]
[EventType "team-swiss"]
[EventRounds "10"]
[EventCountry "UKR"]
[SourceTitle "EXT 2019"]
[Source "ChessBase"]
[SourceDate "2018.10.10"]
[SourceVersion "1"]
[SourceVersionDate "2018.10.10"]
[SourceQuality "1"]
[WhiteTeam "Dnipro Dnipropetrovsk"]
[BlackTeam "Rivne Polissia"]
[WhiteTeamCountry "UKR"]
[BlackTeamCountry "UKR"]

1. e4 e5 2. Nf3 d6 3. Bc4 Be7 4. d3 Nf6 5. 0-0 0-0 6. Bb3 c6 7. Nbd2 Nbd7 8. c3 d5 9. exd5 cxd5 10. Re1 Bd6 11. Nf1 h6 12. Ne3 Nb6 13. Nh4 Re8 14. Qf3 e4 15. dxe4 dxe4 16. Qe2 Bxh2+ 17. Kxh2 Ng4+ 18. Kg1 Qxh4 19. Nxg4 Bxg4 20. Qb5 Bd7 21. Qc5 Rac8 22. Qd6 Rc6 23. Qf4 Qxf4 1/2-1/2

[Event "UKR-chT"]
[Site "Alushta"]
[Date "1998.??.??"]
[Round "?"]
[White "Kirnos, Evgeni"]
[Black "Askarian, Karen"]
[Result "1-0"]
[WhiteElo "2310"]
[BlackElo "2265"]
[PlyCount "73"]
[EventDate "1998.??.??"]
[EventType "team"]
[EventRounds "10"]
[EventCountry "UKR"]
[SourceTitle "EXT 2000"]
[Source "ChessBase"]
[SourceDate "1999.11.16"]
[SourceVersion "1"]
[SourceVersionDate "1999.11.16"]
[SourceQuality "1"]

1. e4 e5 2. Nf3 Qe7 3. Nc3 c6 4. d4 d6 5. h3 g6 6. dxe5 dxe5 7. Bc4 Bg7 8. 0-0 Nf6 9. a4 0-0 10. Qe2 Nh5 11. Bg5 Bf6 12. Bh6 Bg7 13. Bg5 Bf6 14. Bh6 Bg7 15. Qe3 Nd7 16. Rfd1 a5 17. Rd2 Nc5 18. Rad1 Rb8 19. Rd6 Nxa4 20. Bg5 Nf6 21. Nxa4 b5 22. Rxc6 bxc4 23. Rdd6 Bd7 24. Bxf6 Bxf6 25. Rxf6 Bxc6 26. Rxc6 Qd7 27. Nxe5 Qe8 28. Qc5 Qd8 29. Ng4 Qd1+ 30. Kh2 h5 31. Nf6+ Kg7 32. Qe5 Kh6 33. Qf4+ Kg7 34. Nc3 Qd4 35. Nxh5+ Kg8 36. Nf6+ Kg7 37. Rd6 1-0

[Event "Kiev Independence Cup op"]
[Site "Kiev"]
[Date "1998.??.??"]
[Round "9"]
[White "Nikolaev, Leonid"]
[Black "Kirnos, Evgeni"]
[Result "0-1"]
[WhiteElo "2280"]
[BlackElo "2310"]
[PlyCount "70"]
[EventDate "1998.??.??"]
[EventType "swiss"]
[EventRounds "11"]
[EventCountry "UKR"]
[SourceTitle "EXT 2000"]
[Source "ChessBase"]
[SourceDate "1999.11.16"]
[SourceVersion "1"]
[SourceVersionDate "1999.11.16"]
[SourceQuality "1"]

1. c4 e5 2. g3 Nf6 3. Bg2 Nc6 4. Nc3 Be7 5. e3 0-0 6. d4 exd4 7. exd4 d5 8. cxd5 Nb4 9. Nf3 Nbxd5 10. 0-0 c6 11. Re1 h6 12. Ne5 Re8 13. h4 Bf8 14. Be3 Be6 15. Qd3 Qc7 16. Rad1 Rad8 17. Bc1 Qc8 18. Kh2 Nb4 19. Qd2 Nxa2 20. d5 Nxc3 21. dxe6 Rxd2 22. exf7+ Kh7 23. fxe8Q Qxe8 24. Rxd2 Nb5 25. Rdd1 Bb4 26. Re3 Bc5 27. Be4+ Nxe4 28. Rxe4 Bxf2 29. Rd7 Bd4 30. Bf4 Bxe5 31. Rd2 Bxf4 32. Rxe8 Bxd2 33. Re7 b6 34. h5 Bg5 35. Rd7 Bf6 0-1